00323pab a2200097 454500008003600000100001800036245006800054362003300122650002400155773004600179180718b xxu||||| |||| 00| 0 eng d aAmber John S. aWho benefits from educational choice? some evidence from Europe a13(3), Summer 1994, p.454-76 aEducation -- Europe aJournal of Policy Analysis and Management